[Event "Challenge"]
[Site "http://www.queenalice.com/game.php?id=804403"]
[Date "2010.7.16"]
[Round "-"]
[White "grandedani"]
[Black "Acuario_72"]
[Result "0-1"]
[WhiteElo "1595"]
[BlackElo "1666"]

1. e4 d6 2. d4 Nc6 3. d5 Ne5 4. Nf3 Bg4 5. Be2 e6 6. Nc3 g6 7. Nxe5 Bxe2 8. Qxe2
dxe5 9. dxe6 fxe6 10. Qb5+ c6 11. Qxe5 Nf6 12. Qxe6+ Be7 13. O-O Qd6 14. Qxd6
Bxd6 15. f4 O-O 16. e5 Bc5+ 17. Kh1 Ng4 18. Ne4 Be3 19. Nf6+ Nxf6 20. Bxe3 Ne4
21. Rad1 Rad8 22. Rxd8 Rxd8 23. Bxa7 h5 24. f5 gxf5 25. c4 Kf7 26. Rxf5+ Ke6 27.
Rxh5 Rd1+ 0-1

[Event "Challenge"]
[Site "http://www.queenalice.com/game.php?id=806361"]
[Date "2010.7.21"]
[Round "-"]
[White "emoura"]
[Black "grandedani"]
[Result "1-0"]
[WhiteElo "1664"]
[BlackElo "1521"]

1. e4 e5 2. Nf3 Nc6 3. d4 exd4 4. c3 dxc3 5. Nxc3 Bb4 6. Bc4 Bxc3+ 7. bxc3 d6 8.
Qd5 Be6 9. Qb5 a6 10. Qb3 d5 11. exd5 Bxd5 12. Bxd5 Qe7+ 13. Be3 O-O-O 14. Rb1
Na5 15. Bxb7+ Nxb7 16. Qxb7+ Kd7 17. O-O Nf6 18. Qxa6 Nd5 19. Qa4+ Kc8 20. Nd4
Nxc3 21. Qa6+ Kd7 22. Qc6+ Kc8 23. Qxc3 g5 24. Nc6 1-0

[Event "Challenge"]
[Site "http://www.queenalice.com/game.php?id=813525"]
[Date "2010.8.5"]
[Round "-"]
[White "garota_rap"]
[Black "grandedani"]
[Result "0-1"]
[WhiteElo "1528"]
[BlackElo "1560"]

1. e4 e5 2. Nc3 Nf6 3. Qf3 Nc6 4. Nge2 b6 5. a3 Nd4 6. Nxd4 exd4 7. Nd5 Nxd5 8.
exd5 Bd6 9. Qg4 Qe7+ 10. Be2 c5 11. Qxg7 Be5 12. Qh6 f6 13. f4 Bd6 14. d3 Bb7
15. Qh5+ Qf7 16. Qxf7+ Kxf7 17. Bf3 Rhe8+ 18. Kd1 Rg8 19. g3 b5 20. b4 c4 21.
dxc4 bxc4 22. Re1 a5 23. b5 a4 24. Re2 Ra5 25. Bh5+ Kf8 26. Re4 Bxd5 27. Rxd4
Rxb5 28. Be2 Ke7 29. Bxc4 Bxc4 30. Rxc4 Rh5 31. Rxa4 Rxh2 32. Bd2 Rxg3 33. f5
Rg1+ 34. Be1 Rf2 35. Re4+ Be5 36. Rb1 d5 37. Re2 Rxf5 38. Rb7+ Kd6 39. Rxh7 Bc3
40. Rhh2 Rff1 41. Kc1 Rxe1+ 42. Rxe1 Rxe1# 0-1

[Event "AUTO-INT-1798"]
[Site "http://www.queenalice.com/game.php?id=822914"]
[Date "2010.8.25"]
[Round "1"]
[White "FranzMeM"]
[Black "grandedani"]
[Result "0-1"]
[WhiteElo "1505"]
[BlackElo "1589"]

1. e4 e5 2. Nf3 Nc6 3. d4 exd4 4. Nxd4 Nxd4 5. Qxd4 Nf6 6. Bg5 Be7 7. Nc3 O-O 8.
Nd5 Nxd5 9. Bxe7 Nxe7 10. Bc4 Re8 11. O-O Nc6 12. Qd5 Qf6 13. Rae1 Re5 14. Qxf7+
Qxf7 15. Bxf7+ Kxf7 16. f4 Re8 17. e5 b5 18. g4 Ba6 19. h4 b4 20. Rf3 Nd4 21.
Rfe3 Nxc2 22. g5 Nxe1 23. Rxe1 c5 24. f5 g6 25. f6 d6 26. Kf2 Rxe5 27. Rxe5 dxe5
28. Ke3 Bc4 29. b3 Bd5 30. Kd3 Rd8 31. Ke3 c4 32. Kf2 c3 33. Ke2 Be6 0-1

[Event "AUTO-INT-1798"]
[Site "http://www.queenalice.com/game.php?id=822915"]
[Date "2010.8.25"]
[Round "1"]
[White "grandedani"]
[Black "FranzMeM"]
[Result "1-0"]
[WhiteElo "1575"]
[BlackElo "1519"]

1. e4 e5 2. Nf3 Nc6 3. Bb5 Nf6 4. Bxc6 dxc6 5. Nxe5 Nxe4 6. Qe2 f6 7. Qxe4 fxe5
8. Qxe5+ Qe7 9. Qxe7+ Bxe7 10. O-O O-O 11. Re1 Bb4 12. a3 Bc5 13. Re2 Bg4 14.
Re4 Bf5 15. Rf4 Rae8 16. Kf1 Bxc2 17. Rxf8+ Rxf8 18. f3 Bxb1 19. Rxb1 b5 20. b4
Bd6 21. Kg1 Bf4 22. Kf2 Bxh2 23. g3 Rf5 24. Bb2 g5 25. Kg2 Bxg3 26. Kxg3 h5 27.
Rc1 h4+ 28. Kg4 Kf7 29. Kxf5 1-0

[Event "AUTO-INT-1798"]
[Site "http://www.queenalice.com/game.php?id=822930"]
[Date "2010.8.25"]
[Round "1"]
[White "prog2"]
[Black "grandedani"]
[Result "1-0"]
[WhiteElo "1522"]
[BlackElo "1597"]

1. e4 e5 2. Nf3 Nc6 3. Bc4 Nf6 4. Ng5 d5 5. exd5 Nxd5 6. Nxf7 Kxf7 7. Qf3+ Ke6
8. Nc3 Bb4 9. Bxd5+ Kd6 10. Nb5+ Kc5 11. a4 Qxd5 12. Qxd5+ Kxd5 13. Nxc7+ Kd6
14. Nxa8 Bf5 15. c3 Ba5 16. b4 Bd8 17. b5 Na5 18. Ba3+ Kd7 19. Bb4 Nc4 20. O-O
Be7 21. Bxe7 Kxe7 22. Nc7 Kd6 23. b6 a6 24. a5 Kc6 25. d4 exd4 26. cxd4 Rd8 27.
Rfd1 Bc2 28. Rdc1 Bd3 29. d5+ Kd6 30. h3 Nd2 31. Rd1 Nb3 32. Ra3 Bc4 33. Rb1 Nd2
34. Rd1 Nb3 35. Ra4 Be2 36. Rb1 Nc5 37. Ne6 Re8 38. Nxc5 Kxc5 39. Re1 Kxd5 40.
Ra2 Bh5 41. Rxe8 Bxe8 42. Re2 1-0

[Event "AUTO-INT-1798"]
[Site "http://www.queenalice.com/game.php?id=822931"]
[Date "2010.8.25"]
[Round "1"]
[White "grandedani"]
[Black "prog2"]
[Result "0-1"]
[WhiteElo "1578"]
[BlackElo "1541"]

1. e4 c5 2. d4 cxd4 3. Nf3 e5 4. c3 Nf6 5. Bg5 Be7 6. Bc4 O-O 7. Nxe5 Nxe4 8.
Bxe7 Qxe7 9. Qxd4 d6 10. Qxe4 dxe5 11. O-O Nd7 12. Nd2 Nf6 13. Qe2 Bg4 14. f3
Bf5 15. g4 Qc5+ 16. Kg2 Be6 17. Bxe6 fxe6 18. Ne4 Nxe4 19. Qxe4 Rad8 20. Rad1
Qb5 21. Rxd8 Rxd8 22. Rf2 Qd5 23. b3 Qxe4 24. fxe4 b5 25. h4 Rd3 26. Rf3 Rd2+
27. Rf2 Rd3 28. c4 bxc4 29. bxc4 Rc3 30. Rb2 Rxc4 31. Rb7 a5 32. Ra7 a4 33. Kf3
Rc3+ 34. Ke2 Ra3 35. Re7 Rxa2+ 36. Kd3 Rh2 37. Rxe6 Rxh4 38. Rxe5 Rxg4 39. Ra5
g5 40. Rxa4 h5 41. Ra8+ Kf7 42. Ra7+ Kf6 43. Kd4 h4 44. Ra6+ Kf7 45. Kd5 h3 46.
Ra7+ Kf6 47. e5+ Kg6 48. e6 h2 49. Ra1 Rg1 0-1

[Event "Let's Play Chess!"]
[Site "http://www.queenalice.com/game.php?id=824028"]
[Date "2010.8.27"]
[Round "-"]
[White "elche"]
[Black "grandedani"]
[Result "0-1"]
[WhiteElo "1698"]
[BlackElo "1538"]

1. e4 e5 2. Nf3 Nc6 3. Bc4 Be7 4. d4 exd4 5. Nxd4 Nxd4 6. e5 Ne6 7. Bxe6 dxe6 8.
O-O Qxd1 9. Rxd1 f6 10. Bf4 g5 11. Bg3 f5 12. h3 f4 13. Bh2 b6 14. f3 Bc5+ 15.
Kf1 Ba6+ 16. Ke1 Rd8 17. c3 Rxd1+ 18. Kxd1 Ne7 19. b4 Be3 20. a4 O-O 21. b5 Bb7
22. Na3 Rd8+ 23. Kc2 Rd2+ 0-1

[Event "Challenge"]
[Site "http://www.queenalice.com/game.php?id=824350"]
[Date "2010.8.27"]
[Round "-"]
[White "Sonia"]
[Black "grandedani"]
[Result "1-0"]
[WhiteElo "1526"]
[BlackElo "1602"]

1. e4 e5 2. Nf3 Nc6 3. Bc4 Be7 4. a3 Nf6 5. Nc3 O-O 6. O-O d5 7. exd5 Nxd5 8.
Re1 Nxc3 9. bxc3 Bf6 10. Bb2 Re8 11. h3 Na5 12. Bd3 Be6 13. Be4 Nc6 14. Bxc6
bxc6 15. Nxe5 Bxe5 16. Rxe5 Rb8 17. Bc1 Qf6 18. d4 Rbd8 19. Qe1 Re7 20. Bg5 Qg6
21. Bxe7 Bxh3 22. g3 Re8 23. Qe2 Be6 24. Bc5 a5 25. Rc1 h6 26. c4 1-0

[Event "Challenge"]
[Site "http://www.queenalice.com/game.php?id=827716"]
[Date "2010.9.4"]
[Round "-"]
[White "Sonia"]
[Black "grandedani"]
[Result "0-1"]
[WhiteElo "1631"]
[BlackElo "1583"]

1. e4 e5 2. Nf3 Nc6 3. Bc4 f6 4. O-O Bc5 5. a3 Nge7 6. c3 d5 7. exd5 Nxd5 8. d3
Be6 9. h3 a6 10. b4 Be7 11. Bxd5 Bxd5 12. Nbd2 a5 13. b5 Na7 14. c4 Be6 15. a4
Qxd3 16. Ra3 Bxa3 17. Bxa3 Qxa3 18. Re1 O-O 19. Nh2 Rad8 20. Nhf3 Bxc4 21. Kh2
Bd5 22. Qe2 Bxf3 23. Nxf3 Qd6 24. Nh4 e4+ 25. Kg1 f5 26. Qh5 g6 27. Qg5 c6 28.
Qe3 c5 29. Qb3+ Rf7 30. b6 Nc8 31. g3 Qxb6 32. Qe3 Rd3 33. Qe2 Rfd7 34. Ng2 c4
35. Qc2 Qb3 36. Qe2 c3 37. Nf4 Rd2 38. Qb5 Qxb5 39. axb5 b6 40. Kg2 c2 41. h4
Rd1 0-1

[Event "QA-ANNIV-06"]
[Site "http://www.queenalice.com/game.php?id=836908"]
[Date "2010.9.23"]
[Round "2"]
[White "grandedani"]
[Black "pomar"]
[Result "0-1"]
[WhiteElo "1601"]
[BlackElo "2008"]

1. e4 e6 2. d4 d5 3. exd5 exd5 4. Nc3 c6 5. Bf4 Bf5 6. Qe2+ Qe7 7. Qxe7+ Bxe7 8.
O-O-O Nd7 9. Re1 O-O-O 10. Nf3 h6 11. Ne5 Nxe5 12. Rxe5 Be6 13. h3 Bf6 14. Re1
Bxd4 15. f3 Ne7 16. g4 Ng6 17. Bd2 Ne5 18. Bg2 Nc4 19. b3 Nxd2 20. Kxd2 Bb6 21.
f4 Ba5 22. f5 Bd7 23. a3 d4 24. b4 dxc3+ 25. Kxc3 Bc7 26. Re7 Rhf8 27. h4 Bd6
28. Ree1 Rfe8 29. Rd1 Be5+ 0-1

[Event "Challenge"]
[Site "http://www.queenalice.com/game.php?id=838087"]
[Date "2010.9.26"]
[Round "-"]
[White "Sonia"]
[Black "grandedani"]
[Result "0-1"]
[WhiteElo "1538"]
[BlackElo "1599"]

1. e4 e6 2. Nf3 Nc6 3. Bc4 d5 4. exd5 exd5 5. Bb3 Qe7+ 6. Qe2 Qxe2+ 7. Kxe2 Be6
8. h3 O-O-O 9. Re1 Nf6 10. Kf1 g6 11. d3 b5 12. a3 a5 13. a4 b4 14. Bg5 Be7 15.
Nbd2 h6 16. Bxf6 Bxf6 17. Kg1 Bxb2 18. Rab1 Bc3 19. Re2 Bxd2 20. Rxd2 f6 21. Re1
Rhe8 22. Nh2 Ne5 23. d4 Nf7 24. Re3 Ng5 25. Nf1 Ne4 26. Rdd3 c6 27. f3 Nd6 28.
Re2 Bf5 29. Rdd2 Rxe2 30. Rxe2 Nc4 31. Re7 Rd7 32. Re8+ Kc7 33. Ng3 Kd6 34. Rf8
Ke6 35. Re8+ Re7 36. Rc8 Kd6 37. Bxc4 Bxc2 38. Ba6 Bxa4 39. Rg8 g5 40. Nf5+ Ke6
41. Bc8+ Rd7 42. Nxh6 b3 43. Re8+ Kd6 44. Nf5+ Kc7 45. Ba6 Bb5 46. Rc8+ Kb6 47.
Bxb5 Kxb5 48. Rb8+ Ka4 49. Ne3 Ka3 50. Nd1 a4 51. Nc3 Re7 52. Ra8 Kb2 53. Nxa4+
Kc2 54. Rb8 Re1+ 55. Kh2 Ra1 56. Nc5 b2 57. Nd7 b1=Q 58. Rxb1 Rxb1 59. Nxf6 Rd1
60. Nh7 Rxd4 61. Nxg5 c5 62. Ne6 Rc4 63. Kg3 d4 64. Nf4 d3 65. Nd5 Ra4 66. Ne3+
Kd2 67. Nd5 c4 68. Kf2 c3 69. f4 c2 70. f5 c1=Q 71. f6 Qe1+ 72. Kf3 Qe4+ 73. Kf2
Qxd5 74. g4 Rf4+ 75. Kg3 Qf3+ 0-1

[Event "Challenge"]
[Site "http://www.queenalice.com/game.php?id=848712"]
[Date "2010.10.21"]
[Round "-"]
[White "Sonia"]
[Black "grandedani"]
[Result "1-0"]
[WhiteElo "1607"]
[BlackElo "1628"]

1. e4 e5 2. Nf3 Nc6 3. a3 Nf6 4. d3 Bd6 5. h3 O-O 6. Be2 b6 7. O-O a5 8. Nc3 Ne7
9. Bd2 Bb7 10. Nh4 c6 11. Bf3 h6 12. Nf5 Nxf5 13. exf5 b5 14. a4 b4 15. Ne4 Nxe4
16. Bxe4 f6 17. b3 Qb6 18. Qf3 Rab8 19. Qg3 Kf7 20. Qg6+ Ke7 21. Qxg7+ Rf7 22.
Qg3 c5 23. Qf3 Bc7 24. Be3 Bxe4 25. dxe4 Rg8 26. Bxh6 Rh7 27. Qh5 Rgh8 28. Qg4
Kf7 29. Rad1 Rxh6 30. Rxd7+ Ke8 31. Rfd1 Rh4 32. Qg6+ Kf8 33. Qf7# 1-0

[Event "Challenge"]
[Site "http://www.queenalice.com/game.php?id=856702"]
[Date "2010.11.9"]
[Round "-"]
[White "grandedani"]
[Black "Sonia"]
[Result "0-1"]
[WhiteElo "1611"]
[BlackElo "1670"]

1. e4 e5 2. Nf3 Nc6 3. d3 h6 4. Nc3 Nf6 5. Be2 Be7 6. O-O O-O 7. a3 b6 8. b4 Bb7
9. Bb2 a6 10. d4 Bd6 11. d5 Na7 12. Bd3 b5 13. Ne2 c6 14. dxc6 dxc6 15. c4 c5
16. bxc5 Bc7 17. cxb5 axb5 18. Bxe5 Bc6 19. Bxc7 Qxc7 20. e5 Ng4 21. Re1 Nxe5
22. Nxe5 Qxe5 23. a4 Qxc5 24. axb5 Bb7 25. Nf4 Qb6 26. Ra5 Qxa5 27. Re5 Qc7 28.
Rf5 Rad8 29. Qb3 Qc1+ 30. Bf1 Rd1 31. g3 Rxf1# 0-1

[Event "Challenge"]
[Site "http://www.queenalice.com/game.php?id=862357"]
[Date "2010.11.22"]
[Round "-"]
[White "Sonia"]
[Black "grandedani"]
[Result "0-1"]
[WhiteElo "1674"]
[BlackElo "1553"]

1. e4 e5 2. Nf3 Nc6 3. Bc4 Nf6 4. h3 Bc5 5. O-O Nxe4 6. d3 Nd6 7. Re1 f6 8. Be3
Bxe3 9. Rxe3 Nxc4 10. dxc4 d6 11. Nc3 Be6 12. Nd2 O-O 13. a3 f5 14. Nd5 f4 15.
Rf3 g5 16. Rb3 b6 17. Qh5 Nd4 18. Rc3 c6 19. Nb4 f3 20. gxf3 Ne2+ 21. Kf1 Nxc3
22. bxc3 Bf7 23. Qg4 h5 24. Qe4 c5 25. Nd3 Qf6 26. Ke2 Be6 27. Nb2 Bxh3 28. Qd5+
Be6 29. Qe4 g4 30. Rg1 Bf5 31. Qd5+ Kg7 32. Nd3 Bxd3+ 33. cxd3 Qg6 34. a4 Rxf3
35. Qb7+ Qf7 36. Qxf7+ Rxf7 37. Ne4 Rd8 38. Ng5 Rf6 39. Ne4 Rf4 40. Ng5 Kf6 41.
Ne4+ Kf5 42. Ng3+ Kg6 43. Rf1 h4 44. Ne4 Kf5 45. Rh1 h3 46. Ng3+ Ke6 47. Nh5 Rf7
48. Ng3 Rdf8 49. Ne4 a5 50. Ng5+ Kf6 51. Ne4+ Ke7 52. Rh2 Rf5 53. Ng3 Rf3 54.
Ne4 Rg8 55. Kd2 Ke6 56. Ke2 Kf5 57. Nxd6+ Kf4 58. Ne4 Rd8 59. Nf6 Rfxd3 60. Ne4
Kxe4 61. f3+ gxf3+ 62. Kf2 Rd2+ 63. Kg3 Rxh2 64. Kxh2 f2 65. Kxh3 f1=Q+ 66. Kh4
Rg8 0-1

[Event "Challenge"]
[Site "http://www.queenalice.com/game.php?id=902289"]
[Date "2011.2.18"]
[Round "-"]
[White "grandedani"]
[Black "Sonia"]
[Result "1-0"]
[WhiteElo "1574"]
[BlackElo "1630"]

1. e4 e5 2. Nf3 Nc6 3. Nc3 a6 4. d4 d6 5. d5 Nd4 6. Nxd4 exd4 7. Qxd4 Nf6 8. Bg5
h6 9. Bh4 Be7 10. f4 O-O 11. Bxf6 Bxf6 12. e5 dxe5 13. fxe5 Bg5 14. Ne4 c6 15.
c4 Qa5+ 16. Nc3 c5 17. Qd3 Qd8 18. Ne4 b6 19. a3 Bf4 20. e6 f6 21. g3 Be5 22.
O-O-O Qe7 23. Bg2 Ra7 24. Bh3 f5 25. Nd2 Bxe6 26. dxe6 g6 27. Nf3 Bf6 28. Qd6
Rb7 29. Qxe7 Rxe7 30. Rd6 b5 31. Rxa6 bxc4 32. Rc6 Rb8 33. Rxc5 Bxb2+ 34. Kc2
Bxa3 35. Rxc4 Rxe6 36. Nd4 Rf6 37. Re1 Bb2 38. Nb3 Ba3 39. Ra1 Bf8 40. Ra7 Re8
41. Kd3 Rfe6 42. Kc3 Re3+ 43. Kc2 Re2+ 44. Kc3 R2e3+ 45. Kd4 R3e4+ 46. Kc3 Re3+
47. Kb2 Re2+ 48. Rc2 Re1 49. Bg2 Bg7+ 50. Ka2 h5 51. Bd5+ Kh7 52. Rcc7 R1e2+ 53.
Ka3 Kh6 54. Rxg7 Rxh2 55. Rh7+ Kg5 56. Nd4 Re3+ 57. Ka4 Ra2+ 58. Bxa2 Rxg3 59.
Ne6+ Kh4 60. Rad7 Rg1 61. Rd4+ Rg4 62. Rxg4+ Kxg4 63. Rg7 Kh4 64. Rxg6 Kh3 65.
Ng7 f4 66. Nxh5 Kh4 67. Ng7 f3 68. Bc4 f2 69. Kb4 Kh3 70. Nf5 Kh2 71. Bf1 Kh1
72. Nd4 Kh2 73. Ne2 Kh1 74. Rh6# 1-0

[Event "Challenge"]
[Site "http://www.queenalice.com/game.php?id=946676"]
[Date "2011.6.6"]
[Round "-"]
[White "Sonia"]
[Black "grandedani"]
[Result "0-1"]
[WhiteElo "1604"]
[BlackElo "1605"]

1. e4 e5 2. Nf3 Nc6 3. c3 Nf6 4. d3 d5 5. h3 dxe4 6. Ng1 exd3 7. Bxd3 e4 8. Qe2
Qxd3 9. f3 Qxe2+ 10. Nxe2 exf3 11. gxf3 Bf5 12. Nd2 Bd6 13. Nc4 O-O 14. Nxd6
cxd6 15. Bf4 Rad8 16. O-O-O d5 17. h4 Rfe8 18. Rhg1 Rxe2 19. a3 Rc2+ 20. Kb1
Rxc3+ 21. Ka2 Rxf3 22. Bg5 Be6 23. Bh6 d4+ 24. Kb1 Bg4 25. Bg5 h5 26. Rde1 Re3
27. Bxe3 dxe3 28. Rxe3 Rd1+ 29. Rxd1 Bxd1 30. Kc1 Bg4 31. Kd2 Nd5 32. Re8+ Kh7
33. Kc1 Be6 34. Kc2 Kg6 35. Kd2 Kf5 36. Rg8 g6 37. Kc1 f6 38. Rg7 b5 39. Rh7 Kg4
40. Rh6 Ne5 41. Rh8 Kxh4 42. Ra8 Nc6 43. Re8 Nf4 44. Kd2 f5 45. Ke3 g5 46. Rf8
Kg4 47. Rh8 h4 48. Kd2 h3 49. Ke3 Kg3 50. Rh6 Ng2+ 51. Kd2 Nf4 52. Ke3 h2 53. b4
Kg2 54. Rh5 h1=Q 55. Rxg5+ Kf1 56. Kxf4 Qh4+ 57. Kf3 Qxg5 58. a4 Qg4+ 59. Ke3
Qe4+ 60. Kd2 Qxb4+ 61. Kd1 Bb3+ 62. Kc1 Qc3+ 63. Kb1 Qc2+ 0-1

[Event "European game"]
[Site "http://www.queenalice.com/game.php?id=963499"]
[Date "2011.7.22"]
[Round "-"]
[White "oldfool"]
[Black "grandedani"]
[Result "0-1"]
[WhiteElo "1518"]
[BlackElo "1592"]

1. d4 d5 2. e3 Nf6 3. Be2 Nc6 4. Nf3 g6 5. O-O Bg7 6. Bd2 O-O 7. h3 a6 8. Nc3 e6
9. a3 b5 10. Ng5 Bh6 11. e4 Nxd4 12. e5 Nd7 13. Be3 Nxe2+ 14. Nxe2 Bxg5 0-1

[Event "Challenge"]
[Site "http://www.queenalice.com/game.php?id=981468"]
[Date "2011.9.5"]
[Round "-"]
[White "Sonia"]
[Black "grandedani"]
[Result "0-1"]
[WhiteElo "1513"]
[BlackElo "1634"]

1. e4 e5 2. Nf3 d6 3. h3 Nf6 4. Nc3 Nc6 5. Bb5 Bd7 6. O-O a6 7. Bxc6 Bxc6 8. d3
b5 9. Bg5 Be7 10. a3 d5 11. Nxe5 Qd6 12. Nxc6 Qxc6 13. Bxf6 Bxf6 14. exd5 Qd7
15. Qe2+ Kd8 16. Qg4 Qxg4 17. hxg4 Bxc3 18. bxc3 Re8 19. d4 Re4 20. f3 Re3 21.
c4 bxc4 22. a4 Rb8 23. Rac1 Rb2 24. a5 Ra3 25. Rfe1 Rxa5 26. Re5 Rbb5 27. Rce1
Rxd5 28. Re8+ Kd7 29. c3 Ra3 30. R8e7+ Kc6 31. Rc1 Rd7 32. Re4 g5 33. Kh2 Kd6
34. Re5 f6 35. Rf5 Ke6 36. Re1+ Kf7 37. Rc1 c6 38. Rc5 Rd6 39. Rxc4 a5 40. d5
cxd5 41. Rc7+ Kg6 42. Rc8 d4 43. c4 d3 44. Rd1 Rc3 45. Rg8+ Kf7 46. Rc8 a4 47.
c5 Rd5 48. c6 Rdc5 49. Rc7+ Kg6 50. Kg3 h5 51. gxh5+ Kxh5 52. Rh7+ Kg6 53. Rdh1
d2 54. R7h6+ Kf5 55. Rd1 Rd5 56. Rh7 Rxc6 57. Ra7 Rc1 58. Rxd2 Rxd2 59. Ra5+ Kg6
60. Rxa4 Rg1 61. f4 Rgxg2+ 62. Kf3 gxf4 63. Ra6 Kg5 64. Ke4 f5+ 0-1